000 01118nam a2200325 a 4500
001 ELB101145
003 FlNmELB
006 m o d |
007 cr cn|||||||||
008 201002r2008 sp |||||s|||||||||||spa d
020 _z9788481697889
035 _a(MiAaPQ)EBC3186334
035 _a(Au-PeEL)EBL3186334
035 _a(CaPaEBR)ebr10357241
035 _a(OCoLC)928932807
040 _aFlNmELB
_bspa
_cFlNmELB
050 4 _aBJ1231
_bC169 2008
080 _a241:159.942
082 0 4 _a241
_222
100 1 _aCalvo Cubillo, Quintín.
245 1 0 _aPara comprender el placer en la ética cristiana
_h[recurso electronico] /
_cQuintín Calvo Cubillo.
260 _aEstella (Navarra) :
_bVerbo Divino,
_c2008.
300 _a280 p.
533 _aRecurso electrónico. Santa Fe, Arg.: e-libro, 2015. Disponible vía World Wide Web. El acceso puede estar limitado para las bibliotecas afiliadas a e-libro.
650 4 _aética
_xCristianismo.
650 4 _aChristian ethics.
655 4 _aLibros electrónicos.
710 2 _ae-libro, Corp.
856 4 0 _uhttps://elibro.net/ereader/usam/101145
999 _c141218
_d141218